000 00538nam a22002177a 4500
001 sjds
003 sjds
005 20231021211556.0
008 231021b |||||||| |||| 00| 0 spa d
020 _a9788447800629
020 _a8447800628
040 _csjds
041 _aspa
100 1 0 _aBlake, Quentin.
245 _aAchis! /
_cQuentin Blake, Artur Klein.
260 _aBarcelona, D.L. :
_bEl Arca de Junior,
_c1993.
300 _a34 p.
_b il. color
_c27 cm.
440 _aCentpeus ;
_n7
700 1 0 _aKlein, Artur
942 _cBK
999 _c28379
_d28379